000 00645nam a2200229Ia 4500
003 OSt
005 20220923214529.0
006 a|||||r|||| 00| 0
007 ta
008 220922b |||||||| |||| 00| 0 hin d
024 _a170,448
037 _cTextual
040 _aARTS
_cARTS
_bhin
041 _2hin
_ahin
082 _aO152:3N081:30, J9
100 _aपन्त, गोविन्दवल्लभ
_9157681
245 0 _aमैत्रेय
246 _aMaitreya
260 _c1959
942 _hO152:3N081:30, J9
_cTEXL
_2CC
999 _c324735
_d324735